You are here : (Record no. 11965)

MARC details
000 -CABECERA
campo de control de longitud fija 00938nam a2200229 4500
003 - IDENTIFICADOR DEL NÚMERO DE CONTROL
campo de control OSt
005 - FECHA Y HORA DE LA ÚLTIMA TRANSACCIÓN
campo de control 20260530113906.0
008 - DATOS DE LONGITUD FIJA--INFORMACIÓN GENERAL
campo de control de longitud fija 260418b1999 eng||||| |||| 00| 0 eng d
040 ## - FUENTE DE LA CATALOGACIÓN
Centro catalogador/agencia de origen ICI
Lengua de catalogación spa
Centro/agencia transcriptor ICI
050 #4 - SIGNATURA TOPOGRÁFICA DE LA BIBLIOTECA DEL CONGRESO
Número de clasificación NC998.4
Número de documento/Ítem F58
100 1# - ENTRADA PRINCIPAL--NOMBRE DE PERSONA
Nombre de persona Finke, Gail Deibler,
Fechas asociadas al nombre 1964-
9 (RLIN) 32846
245 10 - MENCIÓN DE TÍTULO
Título You are here :
Resto del título graphics that direct, explain & entertain /
Mención de responsabilidad, etc. from the Society for Environmental Graphic Design ; edited by Leslie Gallery-Dilworth ; written by Gail Diebler Finke
264 #1 - PRODUCCIÓN, PUBLICACIÓN, DISTRIBUCIÓN, FABRICACIÓN Y COPYRIGHT
Nombre del de productor, editor, distribuidor, fabricante ST Publications ;
-- Distributed in the U.S. and Canada by Watson-Guptill Publications,
Fecha de producción, publicación, distribución, fabricación o copyright [1999]
Producción, publicación, distribución, fabricación y copyright Cincinnati, Ohio :
-- New York, New York :
300 ## - DESCRIPCIÓN FÍSICA
Extensión 198 páginas
Otras características físicas ilustraciones
336 ## - TIPO DE CONTENIDO
Término de tipo de contenido texto
Fuente rdacontent
337 ## - TIPO DE MEDIO
Nombre/término del tipo de medio sin medio
Fuente rdamedia
338 ## - TIPO DE SOPORTE
Nombre/término del tipo de soporte volumen
Fuente rdacarrier
650 #4 - PUNTO DE ACCESO ADICIONAL DE MATERIA--TÉRMINO DE MATERIA
Término de materia o nombre geográfico como elemento de entrada Artes gráficas
9 (RLIN) 19721
700 1# - PUNTO DE ACCESO ADICIONAL--NOMBRE DE PERSONA
Nombre de persona Finke, Gail Deibler,
Fechas asociadas al nombre 1964-
Término indicativo de función/relación editor
9 (RLIN) 32846
700 1# - PUNTO DE ACCESO ADICIONAL--NOMBRE DE PERSONA
Nombre de persona Gallery-Dilworth, Leslie,
Término indicativo de función/relación autor
9 (RLIN) 32847
942 ## - ELEMENTOS DE PUNTO DE ACCESO ADICIONAL (KOHA)
Fuente del sistema de clasificación o colocación Library of Congress Classification
Tipo de ítem Koha

No items available.